Managing behavior in organizations

Bibliographic Details
Main Authors: Wallace, Marc J. (Author), Szilagyi, Andrew D. (Author)
Format: Book
Language:English
Published: Illinois : ScottForesman and Company
Subjects:

MARC

LEADER 00000cam a2200000 7i4500
001 0000010496
005 20240919.0
008 030522 ilu eng
020 |a 0673160084 
040 |a INS   |b eng   |e rda 
090 0 0 |a HD58.7   |b .W26 1982 
100 1 |a Wallace, Marc J. ,   |e author 
245 1 0 |a Managing behavior in organizations   |c Marc J. Wallace, Jr, Andrew D. Szilagyi, Jr. 
264 1 |a Illinois :   |b ScottForesman and Company 
300 |a xix, 452 pages :   |b illustrations ;   |c 25 cm. 
336 |a text  |2 rdacontent 
337 |a unmediated  |2 rdamedia 
338 |a volume  |2 rdacarrier 
650 0 |a Organizational behaviour 
650 0 |a Organizational change 
700 1 |a Szilagyi, Andrew D. ,   |e author 
999 |a 0000003773   |b BOOK   |c Open Shelf   |e Default branch